Giáo trình giáo dục quốc phòng an ninh Dùng cho học sinh các trường trung cấp chuyên nghiệp T.1

Uloženo v:
Podrobná bibliografie
Hlavní autor: Nguyễn, Đức Hạnh
Další autoři: Lương, Thị Hiên
Médium: Kniha
Jazyk:Undetermined
Vydáno: H. Giáo dục 2008
Témata:
On-line přístup:http://lrc.tdmu.edu.vn/opac/search/detail.asp?aID=2&ID=5909
Tagy: Přidat tag
Žádné tagy, Buďte první, kdo otaguje tento záznam!
Thư viện lưu trữ: Trung tâm Học liệu Trường Đại học Thủ Dầu Một
LEADER 00770nam a2200229Ia 4500
001 TDMU_5909
008 210410s9999 xx 000 0 und d
082 |a 355.0071 
090 |b NG527 
100 |a Nguyễn, Đức Hạnh 
245 0 |a Giáo trình giáo dục quốc phòng an ninh 
245 0 |b Dùng cho học sinh các trường trung cấp chuyên nghiệp 
245 0 |c Nguyễn Đức Hạnh 
245 0 |n T.1 
260 |a H. 
260 |b Giáo dục 
260 |c 2008 
300 |a 179tr 
650 |a An ninh Quốc phòng  |v Giáo trình 
700 |a Lương, Thị Hiên 
856 |u http://lrc.tdmu.edu.vn/opac/search/detail.asp?aID=2&ID=5909 
980 |a Trung tâm Học liệu Trường Đại học Thủ Dầu Một